Things to find in space - Statistics

General Stats
  • This quiz has been taken 22 times
  • The average score is 6 of 19
Answer Stats
Answer % Correct
Planets
95%
Stars
89%
Asteroids
58%
Black Hole
58%
Moons
58%
Comets
53%
Meteors
37%
Nebulae
32%
Galaxys
26%
Meteorites
26%
Supernova
26%
Satellites
21%
Dwarf Planets
16%
White Hole
16%
International Space Station (ISS)
11%
Meteoroids
11%
Galaxy Clusters
0%
Kuiper Belt Objects
0%
Meteor Showers
0%
No matching quizzes found
Score Distribution
Percent of People with Each Score
Percentile by Number Answered
Your Score History
You have not taken this quiz